[Event "AUTO-MASTER-3288"]
[Site "http://www.queenalice.com/game.php?id=1865535"]
[Date "2025.11.13"]
[Round "1"]
[White "cerenzo72"]
[Black "andrevillares"]
[Result "1/2-1/2"]
[WhiteElo "2135"]
[BlackElo "2174"]

1. b3 d5 2. Bb2 c5 3. e3 Nf6 4. Nf3 Nc6 5. Bb5 Bg4 6. h3 Bxf3 7. Qxf3 e6 8. Nc3
Bd6 9. O-O O-O 10. Ne2 e5 11. Ng3 e4 12. Qe2 Nb4 13. Qd1 a6 14. Be2 d4 15. exd4
cxd4 16. Nf5 Be5 17. a3 Nc6 18. d3 Qd7 19. dxe4 Nxe4 20. Bg4 Qc7 21. Nxd4 Rad8
22. c3 Qb6 23. Qc2 Nf6 24. Nxc6 bxc6 25. Bf3 c5 26. c4 Rfe8 27. Bxe5 Rxe5 28.
Rfe1 Rxe1+ 29. Rxe1 h6 30. Rd1 a5 31. Rxd8+ Qxd8 32. Qc3 Kh8 33. Qe5 Qd4 34.
Qxd4 cxd4 35. Bd5 Kg8 36. b4 axb4 37. axb4 Kf8 38. f3 Ke7 39. Be4 Kd6 40. Kf2
Ke5 41. c5 Nd7 42. c6 Nb6 43. Ke2 f5 44. Bd3 g6 45. g3 g5 46. c7 h5 47. g4 fxg4
48. fxg4 hxg4 49. hxg4 Kd6 50. Kf3 Kxc7 51. Ke4 Kd6 52. Kxd4 Nd5 53. b5 Nf6 54.
Bf5 Nd5 55. Be4 Nb6 56. Bf3 Nd7 57. Ke4 Ke6 58. Kd4 Kd6 59. Be4 Nb6 60. Bf5 Nd5
61. Bd3 Nb6 62. Ke4 Ke6 63. Kd4 Kd6 64. Kc3 Kc5 65. Kb3 Kd4 66. Kc2 Nd5 67. Be2
Kc5 68. Kb3 Nb6 69. Ka3 Nd5 70. Bf1 Nc3 71. b6 Kxb6 72. Kb4 Nd5+ 73. Kc4 Ne3+
74. Kd4 Nxf1 75. Ke5 Nh2 76. Kf5 Nf3 77. Ke4 Nh2 78. Kf5 Kc6 79. Kxg5 Nxg4 80.
Kxg4 Kd5 1/2-1/2

[Event "AUTO-OPEN-4606"]
[Site "http://www.queenalice.com/game.php?id=1866929"]
[Date "2025.12.12"]
[Round "2"]
[White "andrevillares"]
[Black "josebaron"]
[Result "0-1"]
[WhiteElo "2173"]
[BlackElo "2144"]

1. d4 d5 2. c4 dxc4 3. Nf3 Nf6 4. Nc3 Bg4 5. Ne5 Be6 6. e4 Nc6 7. Nxc6 bxc6 8.
Be3 Ng4 9. Bf4 g6 10. h3 Nf6 11. Be3 Bg7 12. Qa4 Qd7 13. Bxc4 Bxc4 14. Qxc4 O-O
15. O-O a5 16. Rad1 Rfd8 17. Rfe1 Rdb8 18. b3 Rb4 19. Qd3 e6 20. f3 Qe8 21. Na4
Nd7 22. Rc1 c5 23. Nxc5 Nxc5 24. Rxc5 c6 25. Rec1 Bxd4 26. Bxd4 Rd8 27. R1c4 e5
28. Rxb4 axb4 29. Rc4 c5 30. Rxc5 Rxd4 31. Qc2 Kg7 32. Rc8 Qd7 33. Qc5 Qd6 34.
Qxd6 Rxd6 35. Rc5 Kf6 36. Rc4 Rd4 37. g3 Rxc4 38. bxc4 Ke6 39. Kf2 Kd6 40. Ke3
Kc5 41. Kd3 g5 42. f4 gxf4 43. gxf4 exf4 44. h4 f6 45. h5 h6 46. Ke2 Kxc4 47.
Kf3 Kc3 48. Kxf4 Kb2 49. Kf5 Kxa2 50. Kxf6 b3 51. e5 b2 52. e6 b1=Q 53. e7 Qe4
54. Kf7 Qf5+ 55. Kg7 Qxh5 56. Kf8 Kb3 57. e8=Q Qxe8+ 58. Kxe8 h5 59. Ke7 h4 0-1

[Event "AUTO-OPEN-4635"]
[Site "http://www.queenalice.com/game.php?id=1868274"]
[Date "2026.1.21"]
[Round "1"]
[White "andrevillares"]
[Black "Takeda"]
[Result "0-1"]
[WhiteElo "2186"]
[BlackElo "2163"]

1. d4 g6 2. c4 Bg7 3. Nc3 d6 4. e4 Nf6 5. Bd3 O-O 6. Nge2 Nbd7 7. O-O c5 8. Be3
cxd4 9. Nxd4 Nc5 10. Rc1 Nxd3 11. Qxd3 Bd7 12. Rfd1 Rc8 13. h3 a6 14. f3 Qa5 15.
Nb3 Qh5 16. Nd5 Nxd5 17. cxd5 Bxb2 18. Rc2 Rxc2 19. Qxc2 Be5 20. Qc7 Bxh3 21.
Qxe7 Bc8 22. Kf2 Qh2 23. Rg1 f5 24. Nd4 f4 25. Ne6 fxe3+ 26. Ke2 Bxe6 27. Qxe6+
Kg7 28. Rc1 Qxg2+ 29. Kxe3 Rxf3# 0-1

[Event "AUTO-OPEN-4635"]
[Site "http://www.queenalice.com/game.php?id=1868276"]
[Date "2026.1.21"]
[Round "1"]
[White "andrevillares"]
[Black "Castling"]
[Result "1-0"]
[WhiteElo "2173"]
[BlackElo "1734"]

1. d4 d5 2. c4 e6 3. Nc3 Bb4 4. Nf3 h6 5. Bf4 Nc6 6. e3 Bxc3+ 7. bxc3 Nf6 8. Rb1
O-O 9. Bd3 Ne4 10. Qc2 b6 11. cxd5 exd5 12. Bxe4 dxe4 13. Qxe4 Bb7 14. Qd3 Re8
15. O-O Ne7 16. e4 Ng6 17. Qd2 Bxe4 18. Rbd1 Bxf3 19. gxf3 Nxf4 20. Qxf4 Qg5+
21. Qxg5 hxg5 22. Rfe1 f6 23. Kf1 Kf7 24. Re4 Kg6 25. Ke2 Rad8 26. Ke3 Kh5 27.
Rh1 f5 28. Re5 f4+ 29. Ke4 Rxe5+ 30. dxe5 Rd2 31. Kf5 Rxf2 32. e6 Rxf3 33. Rg1
g6+ 34. Kf6 Rxc3 35. Rxg5+ Kh4 36. e7 Rc6+ 37. Kf7 1-0